000 01291cad a22003015a 4500
001 L153513
008 110803s2004 xxk 000 0 eng u
035 _a(Sirsi) u153513
041 _aeng
100 1 _aIve, Graham J.
245 _aMeasuring the competitiveness of the UK construction industry
_bvolume 1
_h[electronic resource]
260 _a[S.l.]
_bDTI
_c2004
490 0 _aConstruction Economics and Statistics
520 _aThis research provides a sector competitiveness analysis of the UK construction industry. The study investigates the relative position (in terms of labour productivity levels and rates of change) of the UK construction industry compared to the construction industries of France, Germany and the USA.
651 4 _aUnited Kingdom
_y
651 4 _aFrance
651 4 _aGermany
_y1990-
651 4 _aUnited States
_y1959-
690 _aBUILT ENVIRONMENT-CONSTRUCTION MARKET
700 1 _aGruneberg, Stephen
700 1 _aMeikle, Jim
700 1 _aCrosthwaite, David
710 1 _aUniversity College London
_93552
710 1 _aDavis Langdon Consultancy
_91686
710 1 _aUnited Kingdom
_bDepartment of Trade and Industry
856 4 0 _uhttps://www.bis.gov.uk/files/file19028.pdf
_zView this item free of charge at www.bis.gov.uk
942 _n0
999 _c112562
_d112562